[Event "3rd Yerevan Open-A 2021"]
[Site "Yerevan"]
[Date "2021.10.18"]
[Round "5.2"]
[White "Sivuk, Vitaly"]
[Black "Mikaelyan, Arman"]
[Result "1-0"]
[WhiteElo "2529"]
[BlackElo "2487"]
[Annotator "TA"]
[PlyCount "65"]
[EventDate "2021.10.14"]
[EventType "swiss"]
[EventCountry "ARM"]
[SourceTitle "playchess.com"]
[Source "ChessBase"]
[SourceQuality "1"]

{[%evp 19,65,20,19,15,27,4,37,40,64,58,74,52,53,59,174,44,53,47,40,39,28,18,29,0,0,0,49,27,50,43,75,63,77,62,70,76,50,31,269,304,274,254,1691,1769,29990,29991,29991,29992]} 1. d4 d5 2. c4 c6 3. Nf3 Nf6 4. e3 e6 5. Bd3 Nbd7 6. b3 b6 7. Bb2 Bb7 8. Nbd2 Bd6 9. O-O O-O 10. Qe2 $1 {[%mdl 4] now scores much better than the old 10.Ne5.} c5 11. Rad1 {E14: Queen's Indian: Classical Variation (4 e3).} Qc7 12. Rc1 dxc4 {[#]} 13. Nxc4 $146 {White is slightly better.} ({Predecessor:} 13. Rxc4 Ba6 14. Rc2 Bxd3 15. Qxd3 Qb7 16. dxc5 Bxc5 17. Ng5 Qd5 18. Qxd5 Nxd5 19. Nde4 Be7 20. Nf3 {½-½ (46) Ageichenko,G (2355)-Kalinin,A (2425) Moscow 1997}) 13... Bxf3 14. Qxf3 Bxh2+ 15. Kh1 {Threatens to win with g3.} Bd6 16. g4 $1 e5 (16... b5 $14 17. Nxd6 {[%mdl 64] Discovered Attack} Qxd6) 17. g5 (17. Bf5 $1 $18) 17... e4 $1 $14 {[%cal Re4f3]} 18. Bxe4 Nxe4 19. Qxe4 Rfe8 20. Qd5 Bf8 21. Kg2 Rad8 {...Ne5 is the strong threat.} 22. Qf5 b5 23. Nd2 Qb7+ 24. Nf3 $1 cxd4 {[#] Strongly threatening ...Re5.} 25. Rh1 $1 {[%csl Gh1][%cal Rf5h7]} g6 26. Qh3 $40 {[%csl Gh1][%cal Rh3h7][%mdl 128] White mounts an attack.} h5 27. gxh6 Ne5 28. Bxd4 Rxd4 $2 {A mistake that costs the game.} 29. exd4 $18 Nd3 {[#] aiming for ...Nf4+.} 30. Qh4 {[%cal Rh4f6] Black must now prevent Qf6!} (30. h7+ Kh8 $16) 30... Re6 (30... Be7 31. Qg3 (31. h7+ Kh8 $11) 31... Bd8) 31. d5 Ne5 32. h7+ Kh8 33. Qd8 {[%cal Rd8f8] Weighted Error Value: White=0.10/Black=0.55} 1-0

[Event "3rd Yerevan Open-A 2021"]
[Site "Yerevan"]
[Date "2021.10.18"]
[Round "5.3"]
[White "Quparadze, Giga"]
[Black "Narayanan.S.L"]
[Result "0-1"]
[WhiteElo "2495"]
[BlackElo "2647"]
[Annotator "TA"]
[PlyCount "206"]
[EventDate "2021.10.14"]
[EventType "swiss"]
[EventCountry "ARM"]
[SourceTitle "playchess.com"]
[Source "ChessBase"]
[SourceQuality "1"]

{[%evp 12,206,30,0,0,0,28,-63,-57,-51,-55,-56,-54,-62,-43,-38,-36,-35,-28,-36,-32,-45,-17,-16,-16,-16,-17,-23,-22,-18,-18,-17,-7,-25,-25,-29,-29,-51,-52,-68,-61,-67,-60,-91,-91,-118,-110,-143,-135,-166,-164,-173,-164,-173,-172,-164,-164,-177,-159,-141,0,-165,-174,-192,-206,-204,-193,-200,-200,-193,-204,-204,-201,-207,-207,-206,-211,-210,-206,-201,-196,-207,-186,-181,-180,-201,-201,-241,-208,-206,-196,-200,-203,-196,-196,-183,-182,-182,-194,-202,-198,-243,-243,-241,-243,-237,-237,-243,-244,-424,-420,-426,-426,-426,-426,-419,-419,-419,-419,-412,-397,-405,-400,-400,-386,-377,-363,-377,-371,-366,-366,-363,-340,-304,-289,-282,-275,-275,-275,-337,-316,-275,-275,-275,-275,-275,-275,-275,-275,-254,0,-213,-213,-213,-213,-213,-213,-213,-213,-213,-213,-213,-213,-213,0,-213,0,-213,0,-213,-213,-269,-269,-787,-787,-775,-658,-5083,-5083,-4956,-4929,-4844,-4769,-4729,-4729,-4714,-4702,-29977,-29978,-29978,-29979,-29979,-29980,-29980,-29981,-29981,-29980]} 1. e4 c5 2. Nf3 e6 3. Nc3 Nc6 4. d4 cxd4 5. Nxd4 Nf6 6. Be2 Bb4 7. Qd3 d5 {B45: Sicilian Four Knights.} 8. exd5 Qxd5 9. Bf3 {[#]} Ne5 $1 $15 {[%cal Re5d3] [#] Black is slightly better.} 10. Bxd5 $146 ({Predecessor:} 10. Qe3 Nxf3+ 11. Nxf3 Qe4 12. Qxe4 Nxe4 13. Bd2 Bxc3 14. Bxc3 Nxc3 15. bxc3 Bd7 16. Rb1 {0-1 (58) Schulze,D (2033)-Kickert,G (1982) Germany 2010}) 10... Nxd3+ 11. cxd3 {Hoping for Bf3.} Nxd5 12. Bd2 Nxc3 13. bxc3 Be7 14. a4 O-O 15. f4 f6 16. Be3 e5 17. fxe5 fxe5 18. Nf3 Bf6 19. O-O Bf5 20. d4 exd4 21. Bxd4 Be4 22. a5 Rac8 $36 {[%mdl 2048] Black has the initiative.} 23. Ne5 Rfe8 24. Rxf6 gxf6 25. Ng4 Kf7 {Strongly threatening ...Re6.} 26. Nxf6 Re6 27. Nxe4 Rxe4 {[%mdl 4096] Endgame KRR-KRB} 28. Rf1+ Ke8 29. Rf5 a6 30. h3 Rc7 31. Rh5 Rf7 32. Rg5 Kd7 33. Kh2 Ke6 34. Kg3 Rf5 35. Rg7 Rf7 {White must now prevent ...Rxg7+.} 36. Rg5 Ref4 37. Re5+ Kd6 38. Re8 R4f5 39. Bb6 Rg5+ 40. Kh2 h5 41. c4 Re7 42. Rd8+ Kc6 43. Rc8+ Kd7 $1 {[%cal Rd7c8]} 44. Rd8+ {[#]} Ke6 $1 45. Rh8 {Bd8 would now be nice for White.} Reg7 46. Re8+ Kf7 47. Re2 Kg6 48. Bd8 Rc5 49. Re4 Rd7 50. Bb6 Rf5 51. Re6+ Kf7 52. Re2 Rf4 53. Rc2 Kg6 54. c5 Rf6 55. Ba7 h4 56. Rc4 Kh5 57. Re4 Rd2 58. Re5+ Kg6 {Threatens to win with ...Rff2.} 59. Re4 Kf5 60. Rxh4 {[#]} (60. Rg4 {keeps fighting.}) 60... Rg6 $1 $19 61. Rg4 Rxg4 62. hxg4+ Kxg4 {KR-KB} 63. Kg1 Rd5 64. Bb6 Kf4 65. Kf1 Rd2 66. Ba7 Ke4 67. Kg1 Rd7 68. Kf2 Kd3 69. Ke1 Rf7 70. Bb6 Ke4 71. Ba7 Kf4 72. Kf2 Kg4+ 73. Kg1 Rf5 74. Bb6 Rf8 75. Bc7 Rc8 76. Bd6 Re8 77. Kf2 Re4 78. Bc7 Rc4 79. Bb6 Rf4+ 80. Kg1 Rf8 81. Bc7 $1 Rf7 82. Bb8 Rd7 83. Kf2 Rd8 84. Bd6 Re8 85. Bc7 Re4 86. Bb6 Re5 87. Kf1 Rf5+ 88. Kg1 $1 Rf8 89. Bc7 $1 Rc8 90. Bd6 Kf5 91. Kf2 Ke4 92. g4 $2 (92. Kg3) 92... Rh8 93. Kg3 Rh1 94. Bc7 Rg1+ 95. Kh4 Kf3 96. Kg5 Rxg4+ 97. Kf5 Re4 98. Be5 Ke3 99. Ke6 Kd3 {Black mates.} 100. Kd5 {[#]} Rxe5+ $1 {[%mdl 576] Deflection} 101. Kxe5 Kc4 102. Kd6 Kb5 103. Kc7 Kxc5 {Weighted Error Value: White=0.13/Black=0.06} 0-1

[Event "3rd Yerevan Open-A 2021"]
[Site "Yerevan"]
[Date "2021.10.18"]
[Round "5.4"]
[White "Tahbaz, Arash"]
[Black "Puranik, Abhimanyu"]
[Result "1/2-1/2"]
[WhiteElo "2459"]
[BlackElo "2568"]
[Annotator "TA"]
[PlyCount "61"]
[EventDate "2021.10.14"]
[EventType "swiss"]
[EventCountry "ARM"]
[SourceTitle "playchess.com"]
[Source "ChessBase"]
[SourceQuality "1"]

{[%evp 15,61,8,93,25,40,32,37,-20,10,-13,-5,-53,-40,-58,-51,-56,-47,-32,-36,-50,-49,-47,-51,-41,0,-91,-14,-43,-46,-78,-41,-47,-48,-68,-22,-23,-27,-13,17,17,32,-37,0,0,0,0,0,0]} 1. Nf3 Nf6 2. c4 c5 3. d4 cxd4 4. Nxd4 e5 5. Nb5 d5 6. cxd5 Bc5 7. e3 O-O 8. N5c3 a6 {8...Bf5 is becoming the main line.} (8... Bf5 $11) 9. Be2 {A31: Symmetrical English: 2 Nf3 Nf6 3 d4.} (9. Bd3 $16) 9... e4 10. Nd2 Qe7 11. Qc2 ({Better is} 11. a3 $14) 11... Re8 {[#]} 12. g4 $146 {[#] Strongly threatening g5.} ({Predecessor:} 12. Nb3 Bd6 13. Nd4 Qe5 14. Bd2 Nxd5 15. Nxd5 Qxd5 16. Qb3 Qg5 17. h4 Qe7 18. O-O-O {1-0 (43) Romanishin,O (2578)-Loncar,R (2406) Bled 2000}) 12... Bb4 13. g5 Bxc3 14. bxc3 Nxd5 15. c4 Nb4 16. Qc3 N8c6 17. a3 Nd3+ 18. Bxd3 exd3 19. Bb2 {[%csl Gb2][%cal Rc3g7] [#]} Qe5 20. Qb3 (20. h4 $11) 20... Qa5 (20... Qxg5 $17 {...Bg4 is the strong threat.} 21. O-O-O Qh5) 21. Qxd3 Qxg5 22. O-O-O {Black must now prevent Rdg1.} Qf5 (22... Qe7 {seems wilder.} 23. Rhg1 f6 24. Qc3 Kh8 25. Ne4 Rf8) 23. Qc3 {[%csl Gb2][%cal Rc3g7]} f6 24. f4 Qa5 {aiming for ...Qxc3+.} (24... Kh8 {with more complications.} 25. Rhg1 Re7 26. Rdf1 Qe6 27. e4 Bd7) 25. e4 Qxc3+ 26. Bxc3 f5 27. Rhg1 g6 28. e5 (28. Rde1 $14) 28... Be6 29. h4 {The position is equal.} Rac8 30. h5 Ne7 31. Kb2 {Weighted Error Value: White=0.28/Black=0.25} 1/2-1/2

[Event "3rd Yerevan Open-A 2021"]
[Site "Yerevan"]
[Date "2021.10.18"]
[Round "5.5"]
[White "Simonian, Hrair"]
[Black "Shahinyan, David"]
[Result "0-1"]
[WhiteElo "2430"]
[BlackElo "2469"]
[Annotator "TA"]
[PlyCount "56"]
[EventDate "2021.10.14"]
[EventType "swiss"]
[EventCountry "ARM"]
[SourceTitle "playchess.com"]
[Source "ChessBase"]
[SourceQuality "1"]

{[%evp 12,56,0,0,0,-12,0,-74,-67,-74,-58,-64,-55,-139,-141,-140,-135,-204,-141,-235,-230,-252,-241,-272,-262,-263,-253,-298,-241,-301,-306,-308,-274,-409,-343,-993,-990,-912,-708,-966,-960,-992,-995,-988,-945,-943,-908]} 1. e4 d6 2. d4 Nf6 3. Nc3 e5 4. Nf3 Nbd7 5. Bc4 Be7 6. dxe5 dxe5 7. Bxf7+ Kxf7 {C41: Philidor Defence.} 8. Ng5+ Kg6 (8... Kg8 $5 9. Ne6 $8 Qe8 10. Nxc7 {[%mdl 64] Double Attack} Qg6 {[%mdl 64] Double Attack} 11. Nxa8 Qxg2 $11) 9. Ne6 (9. f4 $11 {remains equal.} exf4 10. Ne6) 9... Qg8 $17 {Black is better.} 10. Nxc7 {[#]} Rb8 {[#]} 11. N7d5 $146 ({Predecessor:} 11. h4 h5 12. N7d5 Nxd5 13. Nxd5 Bf6 14. Rh3 Qe6 15. Rg3+ Kf7 16. Qf3 Nb6 17. Ne3 {0-1 (48) Hartikainen,J (2149)-Koellner,R (2330) chess.com INT 2020}) 11... Qd8 12. f4 ({White should try} 12. Qf3 $15) 12... h6 13. fxe5 Nxe5 {White must now prevent ...Nxd5.} 14. Bf4 (14. O-O $17 {was necessary.}) 14... Bd6 15. Qd4 (15. O-O $17) 15... Nxd5 $19 16. Nxd5 Nc6 17. Qd3 {[#] And now Bxd6 would win.} Bxf4 18. Nxf4+ Kh7 19. Nd5 Ne5 20. Qe3 Qh4+ 21. g3 Qg5 22. Nf4 (22. O-O-O {was worth a try.}) 22... Bg4 23. h3 $2 (23. O-O) 23... Bf3 {Black is clearly winning.} 24. Rg1 Rbe8 25. Kf2 Rhf8 26. Rgf1 h5 27. h4 Qg4 {Threatens to win with ...Rc8.} 28. Rg1 Qc8 {White did not feel at home in the position after the opening.  Weighted Error Value: White=0.65/Black=0.22} 0-1

[Event "3rd Yerevan Open-A 2021"]
[Site "Yerevan"]
[Date "2021.10.18"]
[Round "5.6"]
[White "Gukesh D"]
[Black "Petriashvili, Nikoloz"]
[Result "1-0"]
[WhiteElo "2640"]
[BlackElo "2432"]
[Annotator "TA"]
[PlyCount "73"]
[EventDate "2021.10.14"]
[EventType "swiss"]
[EventCountry "ARM"]
[SourceTitle "playchess.com"]
[Source "ChessBase"]
[SourceQuality "1"]

{[%evp 19,73,12,17,18,30,8,12,7,7,8,0,0,0,0,82,50,146,97,81,87,91,89,70,56,133,134,131,104,233,238,229,239,250,198,195,199,216,197,199,194,247,254,413,439,546,546,524,527,742,722,12833,12832,12841,12841,29956,12845]} 1. d4 Nf6 2. c4 g6 3. Nc3 d5 4. cxd5 Nxd5 5. e4 Nxc3 6. bxc3 Bg7 7. Bc4 c5 8. Ne2 O-O 9. Be3 Nc6 10. O-O e6 {10...Bg4 is the modern continuation.} 11. dxc5 {D87: Exchange Grünfeld: Classical Line: Variations without ...cxd4.} Qa5 12. f4 Rd8 13. Qe1 $5 {[%mdl 4] The position is equal. Exploring less charted territory.} Qa4 14. Bb3 Qxe4 15. Ng3 Qd3 16. Rc1 {[#]} b6 $146 (16... Bd7 $11) ({Predecessor:} 16... Bd7 17. Rf2 Be8 18. Rd2 Qa6 19. Ne4 Rxd2 20. Qxd2 Rd8 21. Nd6 Ne7 22. Bd4 Nf5 23. Bxg7 Nxg7 24. Rd1 Bc6 25. Qe3 Qa3 26. Kf2 Qb2+ 27. Rd2 Qc1 28. g4 {½-½ (28) Oger,C (2343)-Sherwood,R (2313) ICCF email 2015}) 17. cxb6 $16 Bb7 ({Black should try} 17... axb6 $14 18. Bxb6 Rd7) 18. bxa7 $1 Qa6 19. Ne4 {Hoping for Nc5.} Nxa7 20. Nc5 $36 {[%mdl 2048] Black is under strong pressure.} Qc6 {[%csl Gb7][%cal Rc6g2]} 21. Qf2 {Strongly threatening Bc2.} Ba6 ({Black should play} 21... Nb5 $14) 22. c4 Qc8 23. Na4 {Black must now prevent Nb6.} Qc6 {Loses the game.} 24. Rfd1 $18 ({Inferior is} 24. Bxa7 Rxa7 $1 25. Kh1 Rad7 $17) 24... Rxd1+ 25. Rxd1 Qc7 26. Nb6 Rd8 {[#]} 27. Nd5 $1 {[%cal Rd5c7][%mdl 512]} Qb7 28. Bxa7 {And now Qb6 would win.} exd5 29. cxd5 {[%cal Bc4d5,Bd5d6][%mdl 32]} Bf8 (29... Re8 $142 30. Qb6 Ra8) 30. Bc5 Qc7 $2 (30... Bd6 {keeps fighting.} 31. Bxd6 Rxd6) 31. Bxf8 ({Less strong is} 31. Bb6 Qc3 $18) 31... Kxf8 32. Qd4 Kg8 33. d6 Qd7 34. Re1 {aiming for Re7!} Rf8 35. Re7 Qb5 36. h3 {White threatens d7 and mate.} Qf1+ 37. Kh2 {Weighted Error Value: White=0.03/Black=0.51} 1-0

[Event "3rd Yerevan Open-A 2021"]
[Site "Yerevan"]
[Date "2021.10.18"]
[Round "5.7"]
[White "Pantsulaia, Levan"]
[Black "Golubka, Petro"]
[Result "1/2-1/2"]
[WhiteElo "2570"]
[BlackElo "2438"]
[Annotator "TA"]
[PlyCount "150"]
[EventDate "2021.10.14"]
[EventType "swiss"]
[EventCountry "ARM"]
[SourceTitle "playchess.com"]
[Source "ChessBase"]
[SourceQuality "1"]

{[%evp 12,150,21,20,37,22,23,17,27,23,18,8,36,20,28,39,27,34,30,25,52,48,52,52,71,46,67,69,74,62,71,57,68,43,68,0,14,14,41,44,35,0,16,-7,-10,-8,0,-11,0,0,0,-12,0,0,14,14,84,79,89,19,135,0,102,0,19,13,10,19,50,0,0,-20,-33,-29,-18,-27,-38,-35,-35,-25,-28,-132,-131,-118,-96,-93,-65,-68,-31,-43,-25,-25,-25,-25,-25,-25,-25,-25,-25,-26,-26,-27,-8,-8,-8,-8,-8,-8,-8,-8,0,-8,-8,-8,-8,-8,0,-8,-8,-8,-8,-8,-8,-8,-8,-8,-8,-8,-8,-8,-8,-8,0,-8,-8,-8,-8,-8,-8,-8,-8]} 1. g3 d5 2. Nf3 c6 3. Bg2 Nf6 4. c4 Bg4 5. Ne5 Be6 6. cxd5 Bxd5 7. Nf3 e6 {A11: English Opening: 1...c6.} 8. Nc3 Be7 9. d3 Bxf3 10. Bxf3 O-O 11. O-O Nbd7 {[#]} 12. Bd2 $146 ({Predecessor:} 12. Bg2 Nd5 13. Bd2 Bg5 14. Be1 Bf6 15. Qc2 g6 16. Ne4 Bg7 17. Rb1 a5 18. a3 {1-0 (52) Petrosian,T (2648)-Malakhov,V (2716) Warsaw 2013}) 12... Re8 13. Rb1 a5 14. a3 Nd5 15. Qc2 Bg5 16. e3 Be7 17. Rfd1 Bf8 18. Bg2 Qb6 19. d4 N5f6 20. Be1 Qa6 21. h3 Rac8 22. e4 b5 23. b4 (23. Qe2 $14) 23... e5 $11 24. Ne2 axb4 25. axb4 exd4 26. Nxd4 c5 27. Nf5 cxb4 28. Qb2 g6 29. Ne3 Qe6 30. Bxb4 Nc5 31. f3 Red8 32. Qa3 {Strongly threatening Rxd8.} Rxd1+ 33. Rxd1 Nb7 (33... Ncd7 $11) 34. Bxf8 $16 Rxf8 35. Qb4 (35. Kh2 $16) 35... Rc8 (35... Qb6 $11 36. Qd4 Qxd4 37. Rxd4 Rb8) 36. Qa3 Rf8 37. Qb4 ({Better is} 37. Kh2 $16) 37... Qb6 38. Qd4 Qxd4 39. Rxd4 Nh5 40. Kf2 Ra8 41. Rd2 b4 {[%cal Bb5b4,Bb4b3,Bb3b2][%mdl 32]} 42. Bf1 Nc5 43. g4 Nf4 44. Nd5 Nxd5 45. Rxd5 $15 {[%mdl 4096] Endgame KRB-KRN} Rc8 46. Rd2 {[#]} (46. Rd1 $11) 46... b3 $1 $17 47. Rb2 Rb8 48. Ke1 Na4 49. Rb1 b2 {...Nc3 is the strong threat.} 50. Kd2 Rb3 51. Bd3 Nc3 52. Kc2 {[%mdl 64] [#] Double Attack} Nxb1 53. Kxb3 $11 {KB-KN} Nd2+ {[%mdl 64] Double Attack} 54. Kxb2 {Threatens to win with Be2.} Nxf3 55. Kc3 Kg7 56. Be2 Ng1 57. Bf1 {The position is equal.} Kf6 58. Kd4 Kg5 59. Ke5 h6 60. Kd6 f6 61. e5 fxe5 62. Kxe5 Nf3+ 63. Ke6 Ng1 64. Ke5 Kh4 65. Kf6 g5 66. Kg6 Nxh3 67. Kxh6 {White wants to mate with Bxh3.} Nf2 68. Kg6 Nxg4 69. Be2 Ne3 70. Kf6 Nc2 71. Bd1 Ne3 72. Be2 Ng2 73. Kf5 Ne1 74. Kf6 g4 75. Bxg4 Kxg4 {Weighted Error Value: White=0.19/Black=0.13} 1/2-1/2

[Event "3rd Yerevan Open-A 2021"]
[Site "Yerevan"]
[Date "2021.10.18"]
[Round "5.8"]
[White "Pranav Anand"]
[Black "Petrosian, Tigran L."]
[Result "0-1"]
[WhiteElo "2430"]
[BlackElo "2562"]
[Annotator "TA"]
[PlyCount "98"]
[EventDate "2021.10.14"]
[EventType "swiss"]
[EventCountry "ARM"]
[SourceTitle "playchess.com"]
[Source "ChessBase"]
[SourceQuality "1"]

{[%evp 15,98,18,29,23,25,18,34,32,32,16,23,12,26,0,0,0,10,14,13,13,26,19,29,-8,-19,-15,-16,-19,-22,-20,0,-8,-20,-18,-31,-50,-23,-40,-40,-40,-40,-40,-53,-148,-141,-141,-131,-116,-100,-139,0,-141,0,0,0,0,0,0,0,0,0,0,0,0,0,0,0,-720,-804,-12840,-12840,-12839,-12839,-12845,-12846,-12846,-12847,-12847,-12847,-29994,-29995,-29995,-29996,-29996,-131]} 1. d4 Nf6 2. c4 Nc6 3. Nf3 e6 4. g3 Bb4+ 5. Bd2 Qe7 6. Bg2 Bxd2+ 7. Nbxd2 O-O 8. O-O d6 9. Nb1 {E11: Bogo-Indian.} e5 10. Nc3 Bg4 11. d5 {White is slightly better.} Nb8 {[#]} 12. Nd2 $146 ({Predecessor:} 12. Ne1 a5 13. f3 Bd7 14. Nd3 Na6 15. e4 c6 16. a4 cxd5 17. cxd5 Rfc8 18. Qb3 {½-½ (43) Saiyn,Z (2377)-Kesidis,O (2244) Moscow 2018}) 12... a5 13. Qc2 Na6 14. h3 Bd7 15. a3 g6 16. Rab1 Nh5 17. b4 axb4 18. axb4 f5 19. b5 Nc5 20. Nb3 Nxb3 21. Qxb3 b6 22. Ra1 f4 23. Rxa8 Rxa8 24. g4 Nf6 25. Qc2 Kg7 26. e3 g5 27. Ne4 Nxe4 28. Bxe4 h5 29. f3 (29. Qe2 $1 $15) 29... Qf6 30. Qd2 Ra3 31. exf4 gxf4 32. Qg2 Kh6 (32... hxg4 $17 {...g3 is the strong threat.} 33. hxg4 Qh4) 33. Rc1 {[#]} (33. gxh5 $11 Kxh5 34. Kh2) 33... Qh4 ({Better is} 33... hxg4 $1 $17 34. hxg4 Qh4) 34. gxh5 $1 $11 {[%csl Ge4,Gh5][%cal Rg2g6]} Qg5 35. Qxg5+ Kxg5 {[%mdl 4096] Endgame KRB-KRB} 36. Kh1 {Black should prevent Rg1+.} Kxh5 {Hoping for ...Kh4.} 37. Rg1 $1 Bxh3 {Threatens to win with ...Kh4.} 38. Rg7 Bf1 39. Rxc7 Bd3 40. Bxd3 Rxd3 {KR-KR} 41. Rc6 $2 {[%mdl 8192] [#]} (41. Kg2 $11) 41... Kh4 $1 $19 {[%cal Rh4g3]} 42. Rxd6 Kg3 {[%cal Rd3d1]} 43. Rg6+ Kxf3 44. Rxb6 e4 45. Re6 e3 {( -> ...e2)} 46. b6 e2 47. b7 Re3 {Black mates.} 48. Rxe3+ fxe3 49. b8=Q e1=Q+ {Weighted Error Value: White=0.53/Black=0.10} 0-1

[Event "3rd Yerevan Open-A 2021"]
[Site "Yerevan"]
[Date "2021.10.18"]
[Round "5.9"]
[White "Pour Agha Bala, AmirrezaI"]
[Black "Pultinevicius, Paulius"]
[Result "1-0"]
[WhiteElo "2432"]
[BlackElo "2552"]
[Annotator "TA"]
[PlyCount "71"]
[EventDate "2021.10.14"]
[EventType "swiss"]
[EventCountry "ARM"]
[SourceTitle "playchess.com"]
[Source "ChessBase"]
[SourceQuality "1"]

{[%evp 25,71,36,33,16,36,36,58,47,60,50,64,57,98,56,77,73,76,64,88,77,90,84,100,88,110,94,97,64,68,87,235,225,534,538,701,679,815,797,747,766,1206,856,785,760,862,849,808,786]} 1. d4 Nf6 2. c4 e6 3. Nc3 d5 4. cxd5 exd5 5. Bg5 c6 6. e3 Be7 7. Bd3 O-O 8. Nge2 Nbd7 9. Qc2 Re8 10. O-O h6 11. Bh4 Ne4 12. Bxe7 Qxe7 13. Bxe4 dxe4 14. d5 {D36: Queen's Gambit Declined: Exchange Variation: Main line (5 Bg5 c6 6 Qc2).} Nf6 15. Rfd1 Qe5 {[%cal Rc6d5]} 16. dxc6 $1 {White is slightly better.} bxc6 17. Qa4 Bg4 18. Rd2 {[#]} c5 $146 ({Predecessor:} 18... Bxe2 19. Nxe2 Rad8 20. Rc2 Ng4 21. Ng3 h5 22. Nf1 Qf5 23. h3 Ne5 24. Ng3 Qg6 25. Qxa7 {½-½ (39) Martins,S (2117)-Almeida,M (1986) ICCF email 2015}) 19. h3 (19. Ng3 {keeps more tension.} Re7 20. h3 Bd7 21. Qa5 Bc6 22. Rad1) 19... Bxe2 20. Nxe2 Rab8 21. Qa3 Re7 22. Rc1 Rc7 23. b3 Rbc8 24. Qa5 Nd5 25. Rcd1 Nb6 26. Nf4 Qg5 27. Qa6 {Strongly threatening a4.} Qe5 {[#] A mistake that costs the game.} (27... c4 $16) 28. a4 $1 $18 {[%cal Ba2a4,Ba4a5][%mdl 32]} Kh7 $2 (28... Qe8 {is tougher.} 29. a5 Nd7) 29. a5 {White is clearly winning.} Na8 30. Rd8 Rxd8 31. Rxd8 Qa1+ 32. Kh2 c4 33. bxc4 Qe5 34. Qb5 Rc5 35. Qd7 {[%mdl 64] [#] Double Attack} Rc7 36. Qd5 {Weighted Error Value: White=0.09/Black=0.47} 1-0

[Event "3rd Yerevan Open-A 2021"]
[Site "Yerevan"]
[Date "2021.10.18"]
[Round "5.10"]
[White "Movsziszian, Karen"]
[Black "Morchiashvili, Bachana"]
[Result "0-1"]
[WhiteElo "2480"]
[BlackElo "2319"]
[Annotator "TA"]
[PlyCount "94"]
[EventDate "2021.10.14"]
[EventType "swiss"]
[EventCountry "ARM"]
[SourceTitle "playchess.com"]
[Source "ChessBase"]
[SourceQuality "1"]

{[%evp 25,94,30,44,-12,19,0,8,10,17,-6,-6,-6,-6,-6,-6,-6,-6,-6,-6,-6,-4,-50,-57,-63,-30,-33,-14,-25,-25,-105,-15,-104,-38,-50,-43,-30,0,-121,-133,-171,-164,-152,-147,-151,-36,-37,-44,-37,-43,-39,-40,-159,-172,-180,-153,-205,-202,-152,-14,-700,-720,-778,-740,-843,-807,-793,-794,-816,-643,-751,-367]} 1. g3 Nf6 2. Bg2 d5 3. Nf3 g6 4. O-O Bg7 5. d4 O-O 6. c4 dxc4 7. Na3 Nc6 8. Nxc4 Be6 9. b3 a5 10. Bb2 Bd5 11. Rc1 a4 12. bxa4 Ra6 13. a3 Qa8 14. a5 {D77: Fianchetto Grünfeld: 6 0-0: Replies other than 6...c6.} ({White should try} 14. Ne3 $14) 14... Rd8 15. e3 {[#]} Rc8 $146 ({Predecessor:} 15... Qb8 16. Qe2 Nxa5 17. Ncd2 Ne4 18. Nxe4 Bxe4 19. Rc5 Ra7 20. Nd2 Bxg2 21. Kxg2 b6 {1-0 (47) Bogosavljevic,B (2510)-Nestorovic,N (2516) Goracici 2015}) 16. Qe2 {The position is equal.} Nxa5 17. Ncd2 b5 18. Ne1 (18. Qxb5 $2 Rb6 $19) 18... Bxg2 19. Nxg2 Ne8 20. Bc3 ({Don't go for} 20. Qxb5 $2 Rb8 $19) 20... Nd6 21. Bb4 Nac4 22. Nxc4 Nxc4 23. Rfd1 e5 24. d5 Bf8 25. e4 Bxb4 26. axb4 Ra2 27. Qg4 (27. Qf3 $11) 27... Rd8 (27... Rf8 $1 $17 {Strongly threatening ...Qa7!} 28. Ne1 f5 29. exf5 Rxf5) 28. Qf3 (28. Qg5 $11) 28... Qa7 (28... Rd6 $17) 29. Ne3 $15 Ra3 {[%cal Rc4e3]} 30. Re1 {Threatening Qf6.} Rd6 31. Re2 (31. Qe2 $1 $11 {keeps the balance.}) 31... Kg7 $17 {Hoping for ...Rf6.} 32. Rce1 Rf6 33. Qg4 {With the idea Nf5+.} Nxe3 34. Rxe3 Rxe3 ({Black should play} 34... Ra2 $17 35. R1e2 Ra1+ 36. Kg2 Rb1) 35. Rxe3 {[%mdl 4096] Endgame KQR-KQR} Qd4 36. Qe2 Qxb4 37. Qc2 Qd4 $40 {[%mdl 128] Black mounts an attack.} 38. Qc3 (38. Kg2 $15) 38... b4 39. Qxd4 exd4 $19 {KR-KR} 40. Rb3 (40. Rd3 $17) 40... Rb6 41. Kf1 f5 (41... Kf6 $17 {Threatens to win with ...Ke5.} 42. Ke2 Ke5) 42. exf5 $2 {[%mdl 8192] [#] This costs White the game.} (42. e5 $11) 42... Kf6 $1 {Black is clearly winning.} 43. Ke2 {[#]} Ke5 $1 44. f6 Rxf6 45. Rxb4 Kxd5 46. Rb8 c5 47. g4 Ke5 {Weighted Error Value: White=0.53/Black=0.23} (47... Kc4 $142 48. Rb2 Kc3) 0-1